Statistiques concernant Focus sur: Eorl - Tolkien

Cliquez ici pour prendre le quiz!

Statistiques générales

  • Ce quiz a été pris 6 fois
  • Le résultat moyen est 8 sur 14

Statistiques - réponses

Informations recherchéesRéponses% Correct
Couleur des cheveuxBlond
100%
EspèceHomme
100%
Première mentionLe Seigneur des Anneaux: Les Deux Tours
100%
RoyaumeRohan
100%
Ages durant lequel il vécutTroisième
100%
CitéEdoras
83%
Maison (lignée)Maison d'{Eorl}
83%
Professions et titresRoi du Rohan
83%
Seigneur des Éothéod
33%
FilsBrego
17%
SurnomLe {Jeune}
17%
PeupleÉothéod
0%
MontureFelaróf
0%
PèreLéod
0%

Distribution des résultats

Percentile par nombre de réponses

% des personnes avec chaque résultat

Votre développement - résultats

Vous n’avez pas pris ce quiz